02590nab a2200253uuc4500001000800000005001700008008004100025035001200066040001300078041000800091100005300099245012100152520165000273650002601923650002501949650002401974650002601998700004502024700005502069700005102124773013202175942001002307999001902317145614420240202125012.0161130e20140805 spa  a1456144 ccomduadb aspa10aRodríguez Villamarín, Flor4auteaut970174410aProporción de leptospirosis y factores relacionados en pacientes con diagnóstico presuntivo de dengue, 2010-20123 aObjetivo Identificar la presencia de leptospirosis y las variables sociodemográficas relacionadas, en pacientes con diagnóstico confirmado y descartado de dengue en el periodo 2010-2012, por medio de la técnica de microaglutinación (MAT). Materiales y Métodos Se realizó un estudio descriptivo retrospectivo de 238 sueros: 106 de pacientes fallecidos: 64 dengue negativo y 42 dengue positivo y 132 muestras de pacientes vivos dengue positivo: 29 confirmados por PCR y/o aislamiento viral y 103 con IgM positiva, a todos los sueros se les realizó la técnica de MAT para Leptospira, se revisaron las fichas epidemiológicas y se analizaron los datos. Resultados De los 42 pacientes fallecidos dengue positivo, 3 (7 %) se encontraron positivos para Leptospira interrogans serogrupo Australis y Autumnalis; 2 mujeres, de 5 y 17 años y un hombre de 14 años. De los 64 pacientes fallecidos negativos para dengue, 7 (11 %) se encontraron positivos para L. interrogans de los serogrupos Pomona, Autumnalis, Canicola y Ballum; 5 hombres; edades entre 8 y 58 años; y 2 mujeres edades de 35 y 56 años. De los 103 pacientes vivos con IgM positiva para dengue, 3 (2,9 %) se encontraron positivos para Leptospira de los serogrupos Icterohaemorrhagiae, Cynopteri, Javanica, Proechimys y Autumnalis; 1 hombre y 2 mujeres. En los 29 pacientes vivos confirmados para dengue, no se encontraron positivos para Leptospira. Conclusiones Se debe sospechar de leptospirosis, no solo como único agente causal del síndrome febril, sino también de la coinfección que podría comprometer al paciente y estar relacionada con la mortalidad.  aLeptospira sp.916523 aLeptospirosis928033 7aDengue2lemb913809 aCoinfecciones915382110aPrieto Suárez, Edgar4auteaut971586510aEscandón Hernández, Patricia4auteaut941969210aDe la Hoz Restrepo, Fernando4auteaut97169020 tRevista de Salud Pública (Bogotá)gVolumen 16, Número 04, Julio-Agosto 2014, páginas 597-609w602698x0124-00640156183 cARIMP c749136d749136